000 00466nam a2200157Ia 4500
005 20240823070003.0
008 240823s9999||||xx |||||||||||||| ||und||
041 _aENGLISH
082 _A621.3 R3
100 _aDhanya R
245 0 _aDetection of Copy-Move Forgery Using Novel Quadsort Moth Flame Light Gradient Boosting Machine
260 _c2023
500 _aYES
650 _aMoth Flame Light Gradient Boosting Machine
_bComputer Applications
942 _cTH
999 _c244684
_d244684